All MBTI Personality Types (Myers-Briggs Type Indicator) - Statistics

General Stats
  • This quiz has been taken 144 times
  • The average score is 14 of 16
Answer Stats
Hint Personality Type % Correct
Nerd INTP
96%
Intimidating INTJ
94%
Arguer ENTP
93%
Clown ENFP
91%
Controlling ENTJ
89%
Wise INFJ
89%
Artist INFP
89%
Flirty ENFJ
88%
Physical ESTP
88%
Caretaker ISFJ
88%
Logical ISTJ
88%
Archer ISTP
88%
Outgoing ESFJ
87%
Wildcard ESFP
87%
Bossy ESTJ
87%
Carpenter ISFP
87%
No matching quizzes found
Score Distribution
Percent of People with Each Score
Percentile by Number Answered
Your Score History
You have not taken this quiz